| 000 | 00642nam a2200205 u 4500 | ||
|---|---|---|---|
| 005 | 20240806063751.0 | ||
| 008 | 100617s2006 ag r 000 0 spa d | ||
| 020 | _a9507530851 | ||
| 035 | _aUPN01000176631 | ||
| 049 | _aCG | ||
| 050 | 4 |
_aPR1309 S5 _bC8.3 |
|
| 245 | 0 | 0 |
_aCuentos clasificados X / _cHoward Phillips Lovecraft ... [et al.] ; tr. de Heber Cardoso. |
| 260 |
_aBuenos Aires : _bCántaro, _c2006. |
||
| 300 |
_a158 p. : _bil. |
||
| 440 | 0 |
_aMirador ; _v158 |
|
| 650 | 0 |
_aCuentos ingleses _913122 |
|
| 650 | 4 |
_aCuentos estadounidenses _912811 |
|
| 700 | 1 |
_aLovecraft, Howard Phillips, _d1890-1937 _ecoaut. _934485 |
|
| 905 | _aLibro | ||
| 999 |
_c148734 _d148734 |
||